000 00287nam a2200121Ia 4500
008 190216s9999||||xx |||||||||||||| ||und||
100 _aVasudevan Nair M T
245 0 _aSorgamthurakkunna Samayam
260 _bPoorna Pubs Kozhikode
300 _a158
650 _aKathakal
942 _cBK
999 _c26988
_d26988